000
00222 a2200097 4500
020
_a
9788131265260
100
_a
THAKKER, C.K.
245
_a
TAKWANI CRIMINAL PROCEDURE
250
_a
5TH
260
_b
GURGAON, LEXIS NXIS
_c
2021
999
_c
215441
_d
215441